2016/17 Premier League Teams - Statistics

General Stats
  • This quiz has been taken 25 times
  • The average score is 16 of 20
Answer Stats
Nickname Answer % Correct
The Gunners Arsenal
96%
The Blues Chelsea
96%
Spurs Tottenham Hotspur
96%
The Toffees Everton
91%
The Foxes Leicester City
91%
The Reds Liverpool
91%
The Swans Swansea City
87%
The Citizens Man City
83%
The Red Devils Man United
83%
The Saints Southampton
83%
The Hammers West Ham
83%
The Eagles Crystal Palace
78%
The Tigers Hull City
74%
The Boros Middlesbrough
74%
The Cherries Bournemouth
70%
Potters Stoke City
70%
The Baggies West Brom
65%
The Hornets Watford
61%
The Black Cats Sunderland
57%
The Clarets Burnley
39%
No matching quizzes found
Score Distribution
Percent of People with Each Score
Percentile by Number Answered
Your Score History
You have not taken this quiz